Tintin Books - Statistics

General Stats
  • This quiz has been taken 151 times
  • The average score is 13 of 24
Answer Stats
Year Published Answer % Correct
1932 Tintin in {America}
84%
1931 Tintin in {the Congo}
84%
1960 Tintin in {Tibet}
78%
1936 The Blue Lotus
67%
1937 The Broken Ear
60%
1938 The Black Island
57%
1930 Tintin in {the Land of the Soviets}
56%
1953 Destination: Moon
54%
1932 The Secret of the Unicorn
54%
1976 Tintin and {the Picaros}
54%
1956 The Calculus Affair
51%
1944 Red Rackham's Treasure
47%
1942 The Shooting Star
47%
1954 Explorers on the Moon
46%
2004* Tintin and {Alph-Art}
46%
1934 Cigars of the Pharaoh
45%
1950 Land of Black Gold
45%
1948 The Seven Crystal Balls
45%
1941 The Crab with the Golden Claws
44%
1949 Prisoners of the Sun
43%
1958 The Red Sea Sharks
43%
1939 King Ottokar's Sceptre
38%
1968 Flight 714 to Sydney
37%
1963 The Castafiore Emerald
37%
No matching quizzes found
Score Distribution
Percent of People with Each Score
Percentile by Number Answered
Your Score History
You have not taken this quiz